Mezinárodní měnový systém a inflace

Uložené v:
Podrobná bibliografia
Hlavný autor: Brůžek, Antonín
Médium: Kniha
Jazyk:Czech
Vydavateľské údaje: Praha Svoboda 1967
Tagy: Pridať tag
Žiadne tagy, Buďte prvý, kto otaguje tento záznam!

MARC

LEADER 00000nam a2200000 4500
001 c121873
005 20230105083801.0
041 0 |a cze 
044 |a CZ 
245 1 0 |a Mezinárodní měnový systém a inflace  |c Antonín Brůžek 
264 1 |a Praha  |b Svoboda  |c 1967 
300 |a 234 s. 
100 1 |a Brůžek, Antonín